| 000 | 01391 a2200289 4500 | ||
|---|---|---|---|
| 001 | 45056 | ||
| 005 | 20260407155726.0 | ||
| 008 | 260407a2010 arg spa d | ||
| 003 | AR-UNSa-BCEJYS | ||
| 040 |
_aAR-UNSa-BCEJYS _bspa _cAR-UNSa-BCEJYS |
||
| 080 |
_a304.4 _xAspectos generales de las políticas y prácticas sociales y culturales (política social) |
||
| 245 | 1 | 0 |
_aPolíticas públicas e inversión social destinadas a la niñez y adolescencia en la provincia de Mendoza _p2000-2007 |
| 020 | _a978-92-806-4466-2 | ||
| 264 | 1 |
_aMendoza : _bUniversidad Nacional de Cuyo. Facultad de Ciencias Políticas y Sociales _c2010 |
|
| 300 |
_a95 p. _c27 cm. |
||
| 505 | _a1.Encuadre ideológico y conceptual – 2. El contexto institucional y jurídico – 3. Consideraciones metodológicas – 4. Análisis de la investigación publica en infancia en la provincia de Mendoza – 5. Políticas educativas, de salud y de desarrollo social destinadas a la niñez y a la adolescencia en la provincia de Mendoza. | ||
| 041 | _aspa | ||
| 942 | _cBK | ||
| 590 | _aniveau_biblio:m niveau_hierar:0 | ||
| 100 | 1 | _aSalcedo, Diego | |
| 700 | 1 | _aZlotolow, Alejandro | |
| 700 | 1 | _aReynoso, Sergio | |
| 700 | 1 | _aRojo, Ricardo | |
| 700 | 1 | _aMontoya, Gustavo | |
| 700 | 1 | _aRomero, Luis | |
| 856 | 4 | 1 |
_uhttps://www.biblioeco.unsa.edu.ar/pmb/images/libros/L127078.jpg _yImagen de portada _qimage/jpeg |
| 999 |
_c3907 _d3907 |
||